Statistics for Toronto Raptors 2016-17 Roster

Click here to take the quiz!

General Stats

  • This quiz has been taken 741 times
    (476 since last reset)
  • The average score is 10 of 18

Answer Stats

NbrPostPlayerG% Correct
7PGKyle Lowry60
99%
10SGDeMar DeRozan74
96%
17CJonas Valanciunas80
81%
43PFPascal Siakam55
75%
9PFSerge Ibaka23
70%
23PGFred VanVleet37
68%
-Head CoachDwane Casey-
66%
24SGNorman Powell76
66%
55PGDelon Wright27
49%
31SFTerrence Ross54
44%
54PFPatrick Patterson65
43%
5SFDeMarre Carroll72
42%
6PGCory Joseph80
41%
42CJakob Poeltl54
35%
92CLucas Nogueira57
34%
2SFPJ Tucker24
23%
20SFBruno Caboclo9
21%
0PFJared Sullinger11
13%

Score Distribution

Percentile by Number Answered

Percent of People with Each Score

Your Score History

You have not taken this quiz since the last reset